My mother's garden

Bibliographic Details
Main Author: Emila Yusof (Author)
Format: Book
Published: Kuala Lumpur : Integra Creative Media Sdn Bhd 2022
Subjects:

MARC

LEADER 00000cam a2200000 7i4500
001 0000091182
005 20230403144233.0
008 230403 eng
020 |a 9789675250446 (  |q hardcover) 
040 |e rda 
041 |a English 
090 0 0 |a JP   |b ENG 
100 1 |a Emila Yusof ,   |e (author) 
245 0 0 |a My mother's garden   |c Emila Yusof 
264 1 |a Kuala Lumpur :   |b Integra Creative Media Sdn Bhd   |c 2022 
300 |a 25 unnumbered pages :   |b colour illustrations ;   |c 24 cm. 
336 |a text  |2 rdacontent 
337 |a unmediated  |2 rdamedia 
338 |a volume  |2 rdacarrier 
500 |a Children age 4-6 years old (yellow) 
541 |c Purchased on 2022   |f 00363 AIR   |h RM30.00 
650 0 |a Children's stories, English 
650 0 |a Malaysian fiction (English) 
999 |a 0001717179   |b Book   |c Children Collection   |e Cawangan Urban Transformation Centre 
999 |a 0001717180   |b Book   |c Children Collection   |e Cawangan AEON Kulaijaya 
999 |a 0001717181   |b Book   |c Children Collection   |e Perbadanan Perpustakaan Awam Johor 
999 |a 0001717182   |b Book   |c Children Collection   |e Cawangan Taman Sri Lambak 
999 |a 0001717183   |b Book   |c Children Collection   |e Cawangan Taman Universiti 
999 |a 0001717184   |b Book   |c Children Collection   |e Perbadanan Perpustakaan Awam Johor 
999 |a 0001717185   |b Book   |c Children Collection   |e Cawangan Bandar Penawar 
999 |a 0001717186   |b Book   |c Children Collection   |e Cawangan Bandar Tenggara 
999 |a 0001717187   |b Book   |c Children Collection   |e Cawangan Segamat 
999 |a 0001717188   |b Book   |c Children Collection   |e Cawangan Muar 
999 |a 0001717189   |b Book   |c Children Collection   |e Cawangan Bukit Gambir 
999 |a 0001717190   |b Book   |c Children Collection   |e Cawangan Tangkak 
999 |a 0001717191   |b Book   |c Children Collection   |e Cawangan Mersing 
999 |a 0001717192   |b Book   |c Children Collection   |e Cawangan Batu Pahat 
999 |a 0001717193   |b Book   |c Children Collection   |e Cawangan Pontian 
999 |a 0001717194   |b Book   |c Children Collection   |e Cawangan Kota Tinggi 
999 |a 0001717195   |b Book   |c Children Collection   |e Cawangan Tmn. Ungku Tun Aminah 
999 |a 0001717992   |b Book   |c Children Collection   |e Desa - PPAJ 
999 |a 0001717993   |b Book   |c Children Collection   |e Desa - PPAJ 
999 |a 0001717994   |b Book   |c Children Collection   |e Desa - PPAJ 
999 |a 0001717995   |b Book   |c Children Collection   |e Desa - PPAJ 
999 |a 0001717996   |b Book   |c Children Collection   |e Desa - PPAJ 
999 |a 0001717997   |b Book   |c Children Collection   |e Desa - PPAJ 
999 |a 0001717998   |b Book   |c Children Collection   |e Desa - PPAJ 
999 |a 0001717999   |b Book   |c Children Collection   |e Desa - PPAJ 
999 |a 0001718000   |b Book   |c Children Collection   |e Desa - PPAJ 
999 |a 0001718001   |b Book   |c Children Collection   |e Desa - PPAJ 
999 |a 0001718002   |b Book   |c Children Collection   |e Desa - PPAJ 
999 |a 0001718003   |b Book   |c Children Collection   |e Desa - PPAJ 
999 |a 0001718004   |b Book   |c Children Collection   |e Desa - PPAJ 
999 |a 0001718005   |b Book   |c Children Collection   |e Desa - PPAJ 
999 |a 0001718006   |b Book   |c Children Collection   |e Desa - PPAJ 
999 |a 0001718007   |b Book   |c Children Collection   |e Desa - PPAJ 
999 |a 0001718008   |b Book   |c Children Collection   |e Desa - PPAJ 
999 |a 0001718009   |b Book   |c Children Collection   |e Desa - PPAJ 
999 |a 0001718010   |b Book   |c Children Collection   |e Desa - PPAJ 
999 |a 0001718011   |b Book   |c Children Collection   |e Desa - PPAJ 
999 |a 0001718012   |b Book   |c Children Collection   |e Desa - PPAJ 
999 |a 0001718013   |b Book   |c Children Collection   |e Desa - PPAJ 
999 |a 0001718014   |b Book   |c Children Collection   |e Desa - PPAJ 
999 |a 0001718015   |b Book   |c Children Collection   |e Desa - PPAJ 
999 |a 0001718016   |b Book   |c Children Collection   |e Desa - PPAJ 
999 |a 0001718017   |b Book   |c Children Collection   |e Desa - PPAJ 
999 |a 0001718018   |b Book   |c Children Collection   |e Desa - PPAJ 
999 |a 0001718019   |b Book   |c Children Collection   |e Desa - PPAJ 
999 |a 0001718020   |b Book   |c Children Collection   |e Desa - PPAJ 
999 |a 0001718021   |b Book   |c Children Collection   |e Desa - PPAJ 
999 |a 0001718022   |b Book   |c Children Collection   |e Desa - PPAJ 
999 |a 0001718023   |b Book   |c Children Collection   |e Desa - PPAJ 
999 |a 0001718024   |b Book   |c Children Collection   |e Desa - PPAJ 
999 |a 0001718025   |b Book   |c Children Collection   |e Desa - PPAJ 
999 |a 0001718026   |b Book   |c Children Collection   |e Desa - PPAJ 
999 |a 0001718027   |b Book   |c Children Collection   |e Desa - PPAJ 
999 |a 0001718028   |b Book   |c Children Collection   |e Desa - PPAJ 
999 |a 0001718029   |b Book   |c Children Collection   |e Desa - PPAJ 
999 |a 0001718030   |b Book   |c Children Collection   |e Desa - PPAJ 
999 |a 0001718031   |b Book   |c Children Collection   |e Desa - PPAJ 
999 |a 0001718032   |b Book   |c Children Collection   |e Desa - PPAJ